World health statistics annual; 1993 Annuaire de statistiques sanitaires mondiales; 1993
Đã lưu trong:
| Hovedforfatter: | |
|---|---|
| Format: | Bog |
| Sprog: | Undetermined |
| Udgivet: |
Genève
OMS
1994
|
| Fag: | |
| Tags: |
Tilføj Tag
Ingen Tags, Vær først til at tagge denne postø!
|
| Thư viện lưu trữ: | Trung tâm Học liệu Trường Đại học Cần Thơ |
|---|
| LEADER | 00562nam a2200193Ia 4500 | ||
|---|---|---|---|
| 001 | CTU_34614 | ||
| 008 | 210402s9999 xx 000 0 und d | ||
| 082 | |a 610.72 | ||
| 082 | |b W927/1993 | ||
| 100 | |a OMS | ||
| 245 | 0 | |a World health statistics annual; 1993 | |
| 245 | 0 | |b Annuaire de statistiques sanitaires mondiales; 1993 | |
| 245 | 0 | |c OMS | |
| 260 | |a Genève | ||
| 260 | |b OMS | ||
| 260 | |c 1994 | ||
| 650 | |a health surveys - statistic methods | ||
| 904 | |i Nguyễn Quang Điền, 991216 | ||
| 980 | |a Trung tâm Học liệu Trường Đại học Cần Thơ | ||